| 000 | 00420nam a2200097Ia 4500 | ||
|---|---|---|---|
| 008 | 180130s9999 xx 000 0 und d | ||
| 245 |
_cBener, A.; Turhan, B.; Tosun, A.; Caglayan, B.; Kocaguneli, E. _aA success story in applying data science in practice |
||
| 260 | _c2016 | ||
| 300 | _aBook title: Perspectives on data science for software engineering--Acession number C20893; pages 85-90 | ||
| 650 | _aSOFTWARE ENGINEERING | ||
| 999 |
_c354296 _d354296 |
||